[Event "Washington Open Championship"]
[Site "Lynnwood, WA"]
[Date "2016.05.29"]
[Round "3"]
[White "Colasurdo James  (WA)"]
[Black "Campbell Tim  (WA)"]
[Result "0-1"]
[WhiteElo "2061"]
[BlackElo "1759"]
[Annotator ""]
[Source ""]
[Remark "Open -- Two Day"]

1.d4 d5 2.c4 e6 3.Nc3 Nf6 4.Bg5 Nbd7 5.e3 c6 6.Nf3 Qa5 7.Bxf6
Nxf6 8.Nd2 Bd7 9.a3 Be7 10.b4 Qc7 11.Rc1 O-O 12.Be2 a5 13.Qb3
axb4 14.axb4 Rfc8 15.c5 e5 16.Nf3 e4 17.Ne5 Bf5 18.O-O Nd7 19.Nxd7
Qxd7 20.Na4 Bd8 21.b5 Qe6 22.Nb6 Bxb6 23.cxb6 Qg6 24.Kh1 Bd7
25.Rc5 Ra5 {?} 26.bxc6 Bh3 27.gxh3 Rxc5 28.dxc5 ( 28.cxb7 ) Rxc6
29.Qxd5 Qf6 30.Ra1 {??} ( 30.Qd7 g6 31.Qxb7 ) Qxa1+ 31.Kg2 Rg6+
32.Bg4 Qa8 33.f3 exf3+ ( 33...h5 ) 34.Kxf3 Rf6+ 35.Ke4 Qa4+ 36.Qd4
Qc6+ 37.Ke5 Qe8+ 38.Kd5 h5 0-1

[Event "Washington Open Championship"]
[Site "Lynnwood, WA"]
[Date "2016.05.29"]
[Round "1"]
[White "Bai Raymond  (WA)"]
[Black "Killian David  (WA)"]
[Result "1/2-1/2"]
[WhiteElo "949"]
[BlackElo "710"]
[Annotator ""]
[Source ""]
[Remark "Booster -- Two Day"]

1.e4 e6 2.d4 d5 3.Nd2 c5 4.Ndf3 Nc6 5.c3 dxe4 6.Nd2 cxd4 7.Nxe4
Nf6 8.Bd3 Be7 9.Nf3 O-O 10.O-O e5 11.cxd4 exd4 12.Nxf6+ Bxf6
13.a3 Qd5 14.Qc2 Qh5 15.h3 Re8 16.Kh2 Be5+ 17.Nxe5 Nxe5 18.Be2
Qg6 19.Qxg6 Nxg6 20.Bb5 Re5 21.Bd3 Bf5 22.Bxf5 Rxf5 23.g4 Rd5
24.Rd1 Ne5 25.Kg3 Rad8 26.Bg5 f6 27.Bf4 Ng6 28.Rd2 d3 29.Rad1
Rd4 30.Be3 R4d5 31.Bxa7 Ne5 32.Bb6 R8d7 33.Rc1 Rb5 34.Rc8+ Kf7
35.Bc7 1/2-1/2

[Event "Washington Open Championship"]
[Site "Lynnwood, WA"]
[Date "2016.05.29"]
[Round "3"]
[White "Tiglon Bryce  (WA)"]
[Black "Perez Ignacio  (WA)"]
[Result "1-0"]
[WhiteElo "2384"]
[BlackElo "2245"]
[Annotator ""]
[Source ""]
[Remark "Open -- Two Day"]

1.e4 g6 2.Nf3 Bg7 3.d4 d6 4.h3 Nf6 5.Nc3 O-O 6.Be3 Nbd7 7.e5
Ne8 8.Qd2 c5 9.exd6 Nxd6 10.Bh6 Bxh6 11.Qxh6 Nf5 12.Qd2 Nf6 13.dxc5
Qc7 14.Bd3 Qxc5 15.O-O Be6 16.Rfe1 Rfd8 17.Qf4 Rac8 18.Ng5 Nd4
19.Nce4 Nxe4 20.Rxe4 Bf5 21.Re5 Rd5 22.Rae1 f6 23.Bxf5 fxg5 24.Rxd5
Qxd5 25.Qe4 Qxe4 26.Bxe4 Rc7 27.c3 Nb5 28.Bd3 Nd6 29.Re5 Nf7
30.Ra5 b6 31.Rd5 Kg7 32.f3 h6 33.Kf2 Kf6 34.a4 Nd6 35.Rd4 h5
36.g3 Rc5 37.g4 h4 38.Ke3 Rc7 39.Rd5 Nc4+ 40.Bxc4 Rxc4 41.a5
Rc6 42.axb6 axb6 43.Kd4 Re6 44.b4 Re2 45.Rb5 Rh2 46.Rxb6+ Kf7
47.Ra6 Rxh3 48.Ke3 Rh1 49.Ra2 Rb1 50.f4 Rb3 51.Rc2 h3 52.fxg5
h2 53.Rxh2 Rxc3+ 54.Kd4 Rg3 55.Rf2+ Ke6 56.Rf4 Kd6 57.Kc4 Rg1
58.Rd4+ Ke5 59.Kc5 Rb1 60.Rc4 Rd1 {There may be more to this game, I only have this one page.  The computer gives White  clear advaantage at this point.}
 1-0

[Event "Washington Open Championship"]
[Site "Lynnwood, WA"]
[Date "2016.05.30"]
[Round "6"]
[White "Feng Roland  (WA)"]
[Black "Tiglon Bryce  (WA)"]
[Result "1/2-1/2"]
[WhiteElo "2430"]
[BlackElo "2384"]
[Annotator ""]
[Source ""]
[Remark "Open"]

1.d4 Nf6 2.Nf3 g6 3.c4 Bg7 4.Nc3 O-O 5.Bg5 c5 6.d5 h6 7.Bh4 d6
8.e3 Bf5 9.Bd3 Bxd3 10.Qxd3 Nbd7 11.h3 Qb6 12.Rb1 Qa5 13.O-O
a6 14.a4 g5 15.Bg3 Nh5 16.Bh2 Nb6 17.g4 Nf6 18.Ra1 Rad8 1/2-1/2

[Event "Washington Open Championship"]
[Site "Lynnwood, WA"]
[Date "2016.05.30"]
[Round "6"]
[White "Le Blanc Paul  (CAN)"]
[Black "Casey Garrett  (WA)"]
[Result "1-0"]
[WhiteElo "1879"]
[BlackElo "1660"]
[Annotator ""]
[Source ""]
[Remark "Open"]

1.d4 Nf6 2.c4 g6 3.Nf3 Bg7 4.Nc3 O-O 5.e4 d6 6.h3 e5 7.Be3 Nc6
8.d5 Ne7 9.Bd3 Nd7 10.g4 a5 11.Qd2 b6 12.Bh6 Nc5 13.Bc2 f6 14.b3
g5 15.Bxg7 Kxg7 16.O-O-O Ng6 17.Ne2 Nf4 18.Nxf4 exf4 19.Qc3 Kg8
20.Nd4 Bd7 21.f3 Kg7 22.h4 h6 23.hxg5 hxg5 24.e5 fxe5 25.Rh7+
Kg8 26.Rdh1 Qf6 27.Nf5 Rf7 28.Nh6+ Kf8 29.Rxf7+ Qxf7 30.Nxf7 1-0